Guess the Real Madrid football player #1 - Statistics

General Stats
  • This quiz has been taken 142 times
  • The average score is 14 of 20
Answer Stats
Picture Answer % Correct
Mesut Özil
93%
David Beckham
92%
Alfredo Di Stéfano
88%
Zinedine Zidane
83%
Roberto Carlos
79%
Arjen Robben
77%
Luís Figo
77%
Ronaldo Nazário
75%
Martin Ødegaard
74%
Ferenc Puskás
71%
Iker Casillas
71%
Fabinho
67%
Ferland Mendy
65%
Marco Asensio
65%
Fabio Cannavaro
64%
Andriy Lunin
58%
Michael Owen
58%
Jesús Vallejo
51%
Claude Makélélé
41%
Álvaro Odriozola
37%
No matching quizzes found
Score Distribution
Percent of People with Each Score
Percentile by Number Answered
Your Score History
You have not taken this quiz